Dwuliterowe kody państw ISO - Statystyki

Ogólne statystyki
  • Ten quiz został rozwiązany 11 135 razy
  • Średni wynik to 17 z 30
Statystyki odpowiedzi
Kod ISO Państwo % Poprawnych
US Stany Zjednoczone
100%
FR Francja
97%
MX Meksyk
96%
AU Australia
92%
JP Japonia
87%
CA Kanada
80%
DE Niemcy
80%
NZ Nowa Zelandia
80%
ES Hiszpania
77%
GR Grecja
76%
AF Afganistan
75%
GB Wielka Brytania
74%
DK Dania
71%
IQ Irak
66%
BR Brazylia
60%
HR Chorwacja
59%
AT Austria
58%
CH Szwajcaria
44%
CO Kolumbia
40%
EG Egipt
39%
IE Irlandia
34%
BZ Belize
33%
CN Chiny
33%
SE Szwecja
29%
SA Arabia Saudyjska
28%
CL Chile
27%
AE Zjednoczone Emiraty Arabskie
15%
ZA Republika Południowej Afryki
13%
RS Serbia
13%
SG Singapur
12%
Nie znaleziono quizów pasujących do podanych kryteriów
Rozkład punktacji
Procent ludzi z każdym wynikiem
Percentyl według liczby udzielonych odpowiedzi
Twoja historia wyników
Nie rozwiązałeś tego quizu